Online
Catalog

Cuentos puertorriqueños / (Record no. 22831)

MARC details
000 -CABECERA
campo de control de longitud fija 01276nam a2200253 a 4500
001 - NÚMERO DE CONTROL
campo de control 000023334
005 - FECHA Y HORA DE LA ÚLTIMA TRANSACCIÓN
campo de control 20200930022140.0
008 - DATOS DE LONGITUD FIJA--INFORMACIÓN GENERAL
campo de control de longitud fija 101202s1995 xxu 001 | spa d
020 ## - NÚMERO INTERNACIONAL ESTÁNDAR DEL LIBRO
Número Internacional Estándar del Libro 0844270431
040 ## - FUENTE DE LA CATALOGACIÓN
Centro catalogador/agencia de origen DO-SdBNP
Lengua de catalogación spa
Centro/agencia transcriptor BNPHU
082 ## - NÚMERO DE LA CLASIFICACIÓN DECIMAL DEWEY
Número de clasificación PR683.44
Número de documento/Ítem C965p
049 ## - FONDOS LOCALES (OCLC)
Fondos de biblioteca BNGR
245 00 - MENCIÓN DE TÍTULO
Título Cuentos puertorriqueños /
Mención de responsabilidad, etc. Robert L. Muckley, Eduardo E. Vargas ; introducción por Hernán LaFontaine Y Marcos A. Hernández ; ilustración de Jaime Carrero.
260 ## - PUBLICACIÓN, DISTRIBUCIÓN, ETC.
Lugar de publicación, distribución, etc. Lincolnwood :
Nombre del editor, distribuidor, etc. National Textbook Company,
Fecha de publicación, distribución, etc. 1995.
300 ## - DESCRIPCIÓN FÍSICA
Extensión viii, 120 p. :
Otras características físicas il. ;
Dimensiones 23 cm.
500 ## - NOTA GENERAL
Nota general Incluye vocabulario
505 0# - NOTA DE CONTENIDO CON FORMATO
Título Campeones /
Mención de responsabilidad Pedro Juan Soto
Título Garabatos /
Mención de responsabilidad Pedro Juan Soto
Título Unas oración bajo la nieve /
Mención de responsabilidad Wilfredo Braschi
Título El americano /
Mención de responsabilidad Jaime Carrero
Título Una caja de plomo que no se podía abrir /
Mención de responsabilidad José Luis González
Título Naufragio /
Mención de responsabilidad Tomás Blanco
Título "Oh, sey can yu si bai de don-serly lai /
Mención de responsabilidad Jaime Carrero
Título El zepelín del jorobado /
Mención de responsabilidad Wilfredo Braschi
Título La hiel de los caínes /
Mención de responsabilidad Tomás Blanco
650 #4 - PUNTO DE ACCESO ADICIONAL DE MATERIA--TÉRMINO DE MATERIA
Término de materia o nombre geográfico como elemento de entrada Cuentos puertorriqueña
9 (RLIN) 31622
650 #4 - PUNTO DE ACCESO ADICIONAL DE MATERIA--TÉRMINO DE MATERIA
Término de materia o nombre geográfico como elemento de entrada Literatura puertorriqueña
9 (RLIN) 250
700 1# - PUNTO DE ACCESO ADICIONAL--NOMBRE DE PERSONA
Nombre de persona Vargas, Eduardo E.
9 (RLIN) 9042
700 1# - PUNTO DE ACCESO ADICIONAL--NOMBRE DE PERSONA
Nombre de persona LaFontaine, Hernán
Término indicativo de función/relación introd.
9 (RLIN) 9043
700 1# - PUNTO DE ACCESO ADICIONAL--NOMBRE DE PERSONA
Nombre de persona Hernández, Marcos A.
Término indicativo de función/relación introd.
9 (RLIN) 48062
711 2# - PUNTO DE ACCESO ADICIONAL--NOMBRE DE REUNIÓN/CONGRESO
Nombre de congreso/reunión o jurisdicción como elemento de entrada Jaime Carrero
Unidad subordinada il.
9 (RLIN) 48063
Holdings
Estado de retiro Estado de pérdida Restricciones de uso No para préstamo Código de colección Localización permanente Ubicación/localización actual Ubicación en estantería Fecha de adquisición Número de inventario Total de préstamos Signatura topográfica completa Código de barras Fecha visto por última vez Precio válido a partir de Tipo de ítem Koha Número de copia
      Excluido de préstamo Monografías: Libros y Folletos General General Depósito 02.12.2010 LF1   PR683.44 C965p 23334-10 25.06.2020 25.06.2020 No se presta  
    Préstamo interno Préstamo restrigido Monografías: Libros y Folletos General General Depósito 23.07.2013 LF1   PR683.44 C965p 23334-20 25.06.2020 25.06.2020 Préstamo interno e. 2

Powered by Koha